000 00398nam a2200145 i 4500
001 bg
100 1 _aCHOMCZYK, Piotr.
245 0 _aDeskowania ślizgowe.
_nCz. 2,
_pRozwiązania projektowe - ustroje deskowań ślizgowych /
_cPiotr Chomczyk.
260 _aWarszawa,
_c1975.
040 _cBPK
041 _apol
080 _a69.05:694.3
942 _cKS
008 s pl f |000 0 pol
999 _c47181
_d47181
856 _uhttp://koha.tu.koszalin.pl/cgi-bin/koha/opac-detail.pl?biblionumber=47181
_yKatalog online BPK